LIBRARY & INFORMATION CENTRE, KCAET, TAVANUR

ONLINE PUBLIC ACCESS CATALOGUE (OPAC)

Normal view MARC view
  • Silpa O

Entry Personal Name

Number of records used in: 1

001 - CONTROL NUMBER

  • control field: 6251

003 - CONTROL NUMBER IDENTIFIER

  • control field: OSt

005 - DATE AND TIME OF LATEST TRANSACTION

  • control field: 20240808161541.0

008 - FIXED-LENGTH DATA ELEMENTS

  • fixed length control field: 240808|| aca||aabn | a|a d

040 ## - CATALOGING SOURCE

  • Original cataloging agency: OSt
  • Transcribing agency: OSt

100 ## - HEADING--PERSONAL NAME

  • Personal name: Silpa O

670 ## - SOURCE DATA FOUND

  • Source citation: Work cat.: (OSt)18101: Silpa O, Processing and shelf-life studies of coconut water /, 2024.
free website counter